[Event "Palmi op 5th"]
[Site "Palmi"]
[Date "2012.01.06"]
[Round "9"]
[White "Familari, Giuseppe"]
[Black "Furnari, Franco"]
[Result "1/2-1/2"]
[WhiteElo "1967"]
[BlackElo "1910"]
[PlyCount "74"]
[EventDate "2012.01.02"]
[EventType "swiss"]
[EventRounds "9"]
[EventCountry "ITA"]
[SourceTitle "CBM 146 Extra"]
[Source "ChessBase"]
[SourceDate "2012.02.29"]
[SourceVersion "1"]
[SourceVersionDate "2012.02.29"]
[SourceQuality "1"]

1. d4 Nf6 2. Bg5 e6 3. e4 h6 4. Bxf6 Qxf6 5. c3 e5 6. g3 d6 7. Bg2 c6 8. Ne2 g5 9. Nd2 Na6 10. Nc4 Bd7 11. Qb3 b5 12. Ne3 Nc7 13. h3 Be6 14. d5 cxd5 15. exd5 Bd7 16. Qc2 Be7 17. a4 0-0 18. 0-0 Qg6 19. Qxg6+ fxg6 20. axb5 Nxb5 21. g4 Bd8 22. Ng3 Nc7 23. Ne4 Ne8 24. c4 Bb6 25. b4 Bd4 26. Rab1 Rd8 27. Rfc1 Ba4 28. Nc2 Bxc2 29. Rxc2 Nf6 30. Nxf6+ Rxf6 31. c5 Rc8 32. c6 Rc7 33. Be4 h5 34. Kg2 h4 35. Rb3 Bb6 36. Rf3 Kg7 37. Rxf6 Kxf6 1/2-1/2

[Event "Basso Veronese op 4th"]
[Site "Casaleone"]
[Date "2011.06.05"]
[Round "5"]
[White "Pisani, Valerio"]
[Black "Furnari, Franco"]
[Result "0-1"]
[WhiteElo "1720"]
[BlackElo "1929"]
[PlyCount "56"]
[EventDate "2011.05.28"]
[EventType "swiss"]
[EventRounds "6"]
[EventCountry "ITA"]
[SourceTitle "EXT 2023"]
[Source "ChessBase"]
[SourceDate "2022.10.05"]
[SourceVersion "1"]
[SourceVersionDate "2022.10.05"]
[SourceQuality "1"]

1. Nc3 Nf6 2. d4 g6 3. e4 d6 4. Nf3 Bg7 5. h3 0-0 6. Be3 e6 7. Qd2 Nc6 8. Be2 a6 9. a4 e5 10. d5 Ne7 11. Rd1 Bd7 12. 0-0 Ne8 13. Bh6 f5 14. Nh2 f4 15. Bxg7 Kxg7 16. Bg4 Nf6 17. Bxd7 Qxd7 18. Nf3 h6 19. Kh2 g5 20. Rg1 Ng6 21. Qe2 g4 22. Nd2 Kh7 23. hxg4 Nxg4+ 24. Kh1 Nh4 25. Nf3 Qe7 26. Rd3 Nxf3 27. gxf3 Qh4+ 28. Kg2 Nh2 0-1

[Event "Basso Veronese op 4th"]
[Site "Casaleone"]
[Date "2011.05.29"]
[Round "3"]
[White "Molinaroli, Giacomo"]
[Black "Furnari, Franco"]
[Result "1-0"]
[WhiteElo "1852"]
[BlackElo "1929"]
[PlyCount "93"]
[EventDate "2011.05.28"]
[EventType "swiss"]
[EventRounds "6"]
[EventCountry "ITA"]
[SourceTitle "EXT 2023"]
[Source "ChessBase"]
[SourceDate "2022.10.05"]
[SourceVersion "1"]
[SourceVersionDate "2022.10.05"]
[SourceQuality "1"]

1. e4 e5 2. Nf3 Nc6 3. Bc4 Bc5 4. c3 Nf6 5. d4 exd4 6. cxd4 Bb4+ 7. Nc3 0-0 8. e5 Ne4 9. Qc2 Nxc3 10. bxc3 Be7 11. Bd3 h6 12. 0-0 d6 13. Bf4 Bg4 14. Rad1 Bxf3 15. gxf3 Bg5 16. Bg3 Bh4 17. exd6 Bxg3 18. fxg3 Qxd6 19. Rfe1 Rfe8 20. Re4 Re7 21. Rde1 Rae8 22. Qe2 Rxe4 23. fxe4 Ne7 24. e5 Qb6 25. Qe4 Qg6 26. Qxg6 Nxg6 27. Bxg6 fxg6 28. Kf2 b5 29. Ke3 c6 30. Ke4 Rd8 31. Rd1 Rd5 32. Ra1 a6 33. a4 Rd7 34. axb5 axb5 35. e6 Rd8 36. Ra6 Rc8 37. Ke5 Kf8 38. Kd6 Rd8+ 39. Kxc6 b4 40. cxb4 Rxd4 41. b5 Ke7 42. Kb7 Rb4 43. Ra5 Kxe6 44. b6 Kd6 45. Ra6 g5 46. Ka8 h5 47. b7+ 1-0

[Event "St Eufemia d'Aspromonte op 4th"]
[Site "St Eufemia d'Aspromonte"]
[Date "2011.01.05"]
[Round "8"]
[White "Furnari, Franco"]
[Black "Carbone, Stefano"]
[Result "1/2-1/2"]
[WhiteElo "1942"]
[BlackElo "1905"]
[PlyCount "87"]
[EventDate "2011.01.02"]
[EventType "swiss"]
[EventRounds "9"]
[EventCountry "ITA"]
[SourceTitle "CBM 140 Extra"]
[Source "ChessBase"]
[SourceDate "2011.03.01"]
[SourceVersion "1"]
[SourceVersionDate "2011.03.01"]
[SourceQuality "1"]

1. e4 g6 2. d4 Bg7 3. Nf3 d6 4. Nc3 c6 5. Bc4 e6 6. 0-0 Nf6 7. Bg5 h6 8. Bh4 Qb6 9. Bb3 d5 10. Bxf6 Bxf6 11. e5 Bg7 12. Na4 Qc7 13. Nc5 Nd7 14. Nd3 0-0 15. c3 c5 16. Bc2 b6 17. Nf4 Re8 18. Rc1 Nf8 19. Bb1 Bd7 20. h3 Rac8 21. Nh2 cxd4 22. cxd4 Qxc1 23. Qxc1 Rxc1 24. Rxc1 h5 25. Rc7 Rc8 26. Rxc8 Bxc8 27. Bd3 Nd7 28. g4 hxg4 29. Nxg4 Nb8 30. Ne2 Ba6 31. Bxa6 Nxa6 32. a3 Nb8 33. Kf1 Kf8 34. Ke1 Ke7 35. Kd2 Nc6 36. f4 f5 37. Nh2 Bh6 38. Kc3 g5 39. fxg5 Bxg5 40. Nf3 Bh6 41. Ng3 Kf7 42. Nh5 Be3 43. Nf6 Ne7 44. b4 1/2-1/2

[Event "St Eufemia d'Aspromonte op 4th"]
[Site "St Eufemia d'Aspromonte"]
[Date "2011.01.03"]
[Round "3"]
[White "Furnari, Franco"]
[Black "Pisacane, Pietro"]
[Result "1-0"]
[WhiteElo "1942"]
[BlackElo "1920"]
[PlyCount "141"]
[EventDate "2011.01.02"]
[EventType "swiss"]
[EventRounds "9"]
[EventCountry "ITA"]
[SourceTitle "CBM 140 Extra"]
[Source "ChessBase"]
[SourceDate "2011.03.01"]
[SourceVersion "1"]
[SourceVersionDate "2011.03.01"]
[SourceQuality "1"]

1. e4 e6 2. d4 d5 3. e5 c5 4. c3 Qb6 5. Nf3 Nc6 6. Bd3 cxd4 7. cxd4 Bd7 8. Bc2 Nb4 9. a3 Nxc2+ 10. Qxc2 Bb5 11. Nc3 Bc4 12. Be3 Ne7 13. Nd2 Ba6 14. Qa4+ Nc6 15. b4 Bd3 16. Nb3 Rc8 17. Kd2 Bc4 18. Na5 Ba6 19. Rab1 Be7 20. Rhc1 0-0 21. Nb3 Bc4 22. Nc5 Qc7 23. Nb5 Qb6 24. Nc3 Qc7 25. Nb5 Qb6 26. Rxc4 dxc4 27. Nd7 Qd8 28. Nxf8 a6 29. Nxe6 fxe6 30. Nc3 Nxd4 31. Ke1 Nf5 32. Rd1 Qc7 33. Qd7 Qxd7 34. Rxd7 Nxe3 35. fxe3 Bg5 36. Ke2 Rd8 37. Rxd8+ Bxd8 38. Ne4 b6 39. Nd6 b5 40. a4 Bc7 41. axb5 axb5 42. Nxb5 Bxe5 43. Kd2 Kf7 44. h3 Ke7 45. Na3 c3+ 46. Kd3 Kd7 47. Nb5 c2 48. Kxc2 Kc6 49. Nc3 Bh2 50. Kd3 Kd6 51. Kc4 Ke5 52. b5 Bg1 53. Kd3 Bh2 54. b6 Kd6 55. Ke4 Kc6 56. Ne2 Bb8 57. Nd4+ Kd6 58. b7 Kd7 59. Nf3 h6 60. g4 Kc6 61. Nd4+ Kd6 62. h4 g6 63. Nf3 Kc6 64. Ne5+ Kxb7 65. Nxg6 Kc8 66. Nf8 Bg3 67. g5 hxg5 68. hxg5 Bh4 69. g6 Bf6 70. Nxe6 Kd7 71. g7 1-0

[Event "Amantea op-A 7th"]
[Site "Amantea"]
[Date "2009.09.03"]
[Round "4"]
[White "Caizzone, Vito"]
[Black "Furnari, Franco"]
[Result "1-0"]
[WhiteElo "2062"]
[BlackElo "1929"]
[PlyCount "161"]
[EventDate "2009.08.31"]
[EventType "swiss"]
[EventRounds "9"]
[EventCountry "ITA"]
[SourceTitle "CBM 132 Extra"]
[Source "ChessBase"]
[SourceDate "2009.11.03"]
[SourceVersion "1"]
[SourceVersionDate "2009.11.03"]
[SourceQuality "1"]

1. e4 e5 2. Nf3 Nc6 3. Bc4 Bc5 4. c3 Nf6 5. Qe2 d6 6. d3 h6 7. 0-0 0-0 8. Re1 Be6 9. Bb5 Bg4 10. Nbd2 Ne7 11. Nf1 c6 12. Ba4 Re8 13. h3 Bxf3 14. Qxf3 Ng6 15. Ne3 Nh4 16. Qg3 Nh5 17. Qg4 Qg5 18. Nf5 Qxg4 19. hxg4 Nxf5 20. gxh5 Ne7 21. Bb3 Rf8 22. g3 Kh8 23. g4 g5 24. Kg2 Kg7 25. Bd2 Bb6 26. Rad1 Rad8 27. Bc1 Ng8 28. d4 Nf6 29. f3 Nd7 30. Be3 Rfe8 31. Bf2 Nf8 32. Rd2 Rd7 33. Red1 Red8 34. Ba4 exd4 35. cxd4 d5 36. e5 Ne6 37. a3 Re7 38. b4 Rc8 39. Bc2 a5 40. Bf5 axb4 41. axb4 Ra8 42. Bxe6 fxe6 43. Be3 Rf7 44. Rf1 Ra3 45. Re2 Rd3 46. f4 gxf4 47. Bxf4 Kh7 48. Re3 Rxd4 49. Ref3 Rxb4 50. Kh3 Bd8 51. Bd2 Rxf3+ 52. Rxf3 Rb2 53. Bc1 Rb1 54. Ba3 Bg5 55. Be7 Re1 56. Bxg5 hxg5 57. Rf7+ Kg8 58. Rxb7 c5 59. Rc7 c4 60. Rc8+ Kg7 61. Kg3 Rxe5 62. Kf3 Re1 63. Rc5 Kf6 64. Rc8 Rh1 65. Kg2 Rh4 66. Kg3 Ke5 67. Rg8 c3 68. Rxg5+ Kd4 69. Rg8 Rh1 70. Kg2 Ra1 71. Rc8 Ke5 72. Rxc3 d4 73. Rf3 Ke4 74. h6 d3 75. Rxd3 Kf4 76. Rd8 Ra7 77. Rg8 e5 78. g5 e4 79. g6 Ra2+ 80. Kh3 Ra3+ 81. Kh4 1-0